LEADER 01144nam a2200241 i 4500 001 000000145583 003 CaOOAMICUS 005 20051201000000.0 008 051201s1923 it u000 u fre u 013 $a120975 040 $aSeMil$bita 100 1 $aMarmion, Columba .$0(OLS)http://semarc/name/90397 245 13$aLe Christ, idéal du Moine :$bconférences spirituelles sur la vie monastique et religieuse /$cpar D. Columba Marmion abbé de Maredsous. 250 $acinquième édition. 260 $aParis :$bDesclée de Brouwer et Cie,$c1923. 300 $aIX, 621 p. ;$c20 cm. 500 $aAi pie' del front : Abbaye de Maredsous (Namur, Belgique). 650 4$aGesù Cristo - Meditazioni.$0(OLS)http://semarc/subject/1836 850 $aSeMil 852 $aSeMil$W1$xVenegono$y1$m660 336 *$j98332$B98332$CSeMilBibl$Z2$F106448 $81 961 $aRecupero: Biblioteca Seminario Saronno 996 $6245$aLe Christ, idéal du Moine :$bconférences spirituelles sur la vie monastique et religieuse$9(OLS)http://semarc/title/212857 996 $6260$aParis :$bDesclée de Brouwer et Cie$9(OLS)http://semarc/publisher/30216 LEADER 01159nam a2200253 4500 001 000000344547 003 CaOOAMICUS 005 20170220110743.0 008 210225s1993 it a 000 u ita r 020 $a88-250-0137-1 040 $aSeMil$bita 245 02$aI fioretti di Sant'Antonio :$bil «Libro dei miracoli» /$ca cura di Vergilio Gamboso. 264 1$aPadova :$bMessaggero,$c1993. 300 $a108 p., [16] carte di tav. :$bill. ;$c22 cm 650 4$aAntonio : da Padova - Culto.$0(OLS)http://semarc/subject/19106 650 4$aArnaldo : de Serrano - Libro dei miracoli.$0(OLS)http://semarc/subject/50021 700 1 $aGamboso, Vergilio,$c.$0(OLS)http://semarc/name/26032 850 $aSeMil 852 $aSeMil$W1$xVenegono$y1$m3H III 278$j224740$B235611$CSeMilBibl$Z2$F235611 $81 961 $aBiolo Delma - Lascito 996 $6020$a88-250-0137-1$9(OLS)http://semarc/number/292463 996 $6245$aI fioretti di Sant'Antonio :$bil «Libro dei miracoli»$9(OLS)http://semarc/title/433596 996 $6264$aPadova :$bMessaggero$9(OLS)http://semarc/publisher/29786 LEADER 00940nam a2200217 i 4500 001 000000227433 003 CaOOAMICUS 005 20140225000000.0 008 140225s1950 it u000 u ita u 013 $a206335 040 $aSeMil$bita 100 1 $aRinaldi, Giovanni,$c.$0(OLS)http://semarc/name/1752 245 13$aLe lettere ai Tessalonicesi. Lettura di S. Paolo /$cP. Giovanni Rinaldi dei Somaschi. 260 $aMilano :$bVita e Pensiero,$c1950. 300 $aXII, 175 p. ;$c20 cm. 500 $aContiene : Nota cronologica ; Nota bibliografica. 650 4$aBibbia - NT - Lettere ai Tessalonicesi.$0(OLS)http://semarc/subject/6028 850 $aSeMil 852 $aSeMil$W1$xVenegono$y1$m2Y I 47$j177779$B177779$CSeMilBibl$Z2$F188628 $81 996 $6245$aLe lettere ai Tessalonicesi. Lettura di S. Paolo$9(OLS)http://semarc/title/325524 996 $6260$aMilano :$bVita e Pensiero$9(OLS)http://semarc/publisher/29642 LEADER 00996nam a2200217 i 4500 001 000000231561 003 CaOOAMICUS 005 20230310143654.0 008 140804s1877 it u000 u lat u 040 $aSeMil$bita 100 1 $aPatrizi, Francesco Saverio .$0(OLS)http://semarc/name/13979 245 10$aFrancisci Xaverii Patritii e societate Iesu biblicarum questionum decas. 260 $aRomae :$bEx Typographia polyglotta S. C. de Propaganda fide,$c1877. 300 $aVI, 271 p. ;$c23 cm. 500 $aLegato con 2W-III-29 FA. 650 4$aBibbia - Interpretazione.$0(OLS)http://semarc/subject/1295 850 $aSeMil 852 $aSeMil$W1$xVenegono$y1$m2W III 30 FA$j181907$B181907$CSeMilBibl$Z2$F192788 $8I 996 $6245$aFrancisci Xaverii Patritii e societate Iesu biblicarum questionum decas$9(OLS)http://semarc/title/330634 996 $6260$aRomae :$bEx Typographia polyglotta S. C. de Propaganda fide$9(OLS)http://semarc/publisher/41895 LEADER 01026nam a2200241 i 4500 001 000000049393 003 CaOOAMICUS 005 20080110000000.0 008 080110s1978 it u000 u ita u 013 $a20563 040 $aSeMil$bita 100 1 $aBernardi, Pietro.$0(OLS)http://semarc/name/24462 245 13$aIl Beato Leopoldo Mandic :$bcappuccino /$cP. Pietro Bernardi. 250 $a9. ed. 260 $aPadova :$bVicepostulazione del B. Leopoldo Mandic,$c1978. 300 $aXVI, 574 p., [40] p. di tav. ;$c22 cm. 500 $aIn custodia. - Contiene: [2] Appendici. 600 04$aLeopoldo : da Castelnuovo .$0(OLS)http://semarc/subject/10266 850 $aSeMil 852 $aSeMil$W1$xVenegono$y1$m3H V 279$j15548$B15548$CSeMilBibl$Z2$F15548 $81 961 $aOmaggio: Donazione 996 $6245$aIl Beato Leopoldo Mandic :$bcappuccino$9(OLS)http://semarc/title/75084 996 $6260$aPadova :$bVicepostulazione del B. Leopoldo Mandic$9(OLS)http://semarc/publisher/41113 LEADER 01246nam a2200265 i 4500 001 000000057185 003 CaOOAMICUS 005 20101119000000.0 008 101119s1994 it u000 u ita u 013 $a28357 020 $a88-7023-190-9 040 $aSeMil$bita 245 10$aSchuster e le Benedettine del monastero di Viboldone :$blettere 1941-1954 /$ca cura di Angelo Majo , Benedettine di Viboldone. 260 $aMilano :$bNED,$ccopyr. 1994. 300 $a91 p. ;$c21 cm. 500 $aFondo Mezzonotti. 600 14$aSchuster, Alfredo Ildefonso .$0(OLS)http://semarc/subject/2420 650 4$aSan Giuliano Milanese - Viboldone - Abbazia dei Santi Pietro e Paolo di Viboldone.$0(OLS)http://semarc/subject/7682 700 1 $aMajo, Angelo Giuseppe,$c.$0(OLS)http://semarc/name/3746 850 $aSeMil 852 $aSeMil$W1$xVenegono$y1$m3J I 307$j23339$B23339$CSeMilBibl$Z2$F23341 $81 961 $aOmaggio: Mezzanotti mons. Alessandro 996 $6020$a88-7023-190-9$9(OLS)http://semarc/number/32469 996 $6245$aSchuster e le Benedettine del monastero di Viboldone :$blettere 1941-1954$9(OLS)http://semarc/title/88962 996 $6260$aMilano :$bNED$9(OLS)http://semarc/publisher/30187 LEADER 01522nam a2200241 i 4500 001 000000079546 003 CaOOAMICUS 005 20160219000000.0 008 160219s2014 it u000 u ita u 013 $a51783 040 $aSeMil$bita 110 0 $aArcidiocesi di Milano : Curia Arcivescovile.$0(OLS)http://semarc/name/38489 245 10$aVeglia in preparazione alla beatificazione del Servo di Dio Paolo 6. :$bBasilica dei SS. Apostoli, Roma, 18 ottobre 2014 /$cArcivescovile di Milano. 246 04$iTitolo in copertina:$aVeglia in preparazione alla beatificazione del Servo di Dio Paolo 6., nei primi vespri della Dedicazione del Duomo di Milano, chiesa madre di tutti i fedeli ambrosiani 260 $a[S.l. :$bs.n.],$c2014$e(Milano :$fBoniardi,$g2014) 300 $a15 p. :$bnotazione musicale ;$c21 cm. 650 4$aPaolo VI - Beatificazione e Canonizzazione.$0(OLS)http://semarc/subject/5153 850 $aSeMil 852 $aSeMil$W1$xVenegono$y1$m5D VII 13/50$j45223$B45223$CSeMilBibl$Z2$F47142 $81 961 $aOmaggio: Altro 996 $6245$aVeglia in preparazione alla beatificazione del Servo di Dio Paolo 6. :$bBasilica dei SS. Apostoli, Roma, 18 ottobre 2014$9(OLS)http://semarc/title/127506 996 $6246$aVeglia in preparazione alla beatificazione del Servo di Dio Paolo 6., nei primi vespri della Dedicazione del Duomo di Milano, chiesa madre di tutti i fedeli ambrosiani$9(OLS)http://semarc/title/127507 996 $6260$a[S.l. :$bs.n.]$9(OLS)http://semarc/publisher/29751